000 00489nam a2200181Ia 4500
005 20250508151828.0
008 008 250505s9999 xx 000 0 hin d
037 _aTextual
040 _aFEDL
_beng
_cFEDL
041 _ahin
_2hin
084 _a910, VAS
_qFEDL
100 _aVashisht Ramswaroop
_9760103
245 0 _aManchitra praveshika
260 _aDelhi, India
_bAtma Ram and Sons
_c1955
300 _a128p.
942 _cTEXL
_h910, VAS
999 _c1332359
_d1332359